000 00396nam a22001217a 4500
999 _c9528
_d9528
003 OSt
008 201203b ||||| |||| 00| 0 eng d
245 _aSadhana Academy Proceedings in Engineering Sciences
250 _a2016(Jan Vol.41 No.1, Feb Vol.41 No.2, Mar Vol.41 No.3, Apr Vol.41 No.4, Dec Vol.41 No.12)
260 _aBengaluru
_bSpringer
650 _aMechanical Engineering
942 _2ddc
_cBV